000 00391cam a2200169ua 4500
020 _c15/-
041 _aeng
_h
082 _a331.8
_bKAR/IN
100 _aV.B.Karnik, Karnik .
245 _aIndian trade unions: A survey
260 _aMumbai :
_bAllied Publishers Pvt Ltd ,
_c1960.
300 _a276 ; .
365 _a15/-
504 _a
942 _cBK
999 _c10246
_d10246